000 005110000a22001930004500
003 LK-CoMWRAF
005 20230914153003.0
008 230817t1964 ||||| |||| 00| 0 eng d
040 _aLK-CoMWRAF
_dLK-CoMWRAF
_eLK-CoMWRAF
041 _aeng
082 _a941
_bCRA
100 _aCragg, Kenneth
245 _aThe Call of the minaret
260 _aNew york :
_bA Galaxy book,
_c1964
300 _a376p
650 _a Muslims -- Great Britain
650 _aGreat Britain Muslims-Social conditions
942 _cBK
999 _c666
_d666